[Event "Robecchetto op-B 19th"]
[Site "Robecchetto"]
[Date "2008.12.28"]
[Round "3"]
[White "Macchiettini, Pierangelo"]
[Black "Panades, Ignazio"]
[Result "1/2-1/2"]
[WhiteElo "1706"]
[BlackElo "1584"]
[PlyCount "77"]
[EventDate "2008.12.27"]
[EventType "swiss"]
[EventRounds "6"]
[EventCountry "ITA"]
[SourceTitle "EXT 2011"]
[Source "ChessBase"]
[SourceDate "2010.11.26"]
[SourceVersion "1"]
[SourceVersionDate "2010.11.26"]
[SourceQuality "1"]

1. d4 d5 2. Nf3 Nf6 3. c4 e6 4. a3 c6 5. c5 b6 6. cxb6 axb6 7. e3 Bd6 8. Bd3 Nbd7 9. 0-0 0-0 10. Nc3 e5 11. e4 dxe4 12. Nxe4 Nxe4 13. Bxe4 exd4 14. Bxc6 Rb8 15. Qxd4 Bc5 16. Qd1 Qc7 17. Qa4 Nf6 18. b4 Bd6 19. Bg5 Ng4 20. h3 Ne5 21. Nxe5 Bxe5 22. Qc2 b5 23. Rac1 Qd6 24. Rfd1 Qc7 25. Be4 Qxc2 26. Rxc2 Be6 27. Bd5 Bxd5 28. Rxd5 f6 29. Bc1 Rfd8 30. Rxd8+ Rxd8 31. g3 Rd3 32. Kg2 Rc3 33. Rxc3 Bxc3 34. Kf3 Kf7 35. Ke4 g6 36. g4 Ke6 37. Kd3 Be1 38. Bb2 f5 39. Bd4 1/2-1/2